000 00757nam a2200205Ia 4500
008 191130s2008##################000#0#eng##
020 _a9789041127488
040 _aACL
_cACL
082 _a347.5109 TAO
100 _aTao, Jingzhou
245 _aArbitration law and practice in China
_cJingzhou Tao
250 _a2nd ed
260 _aAlphen aan den Rijn, The Netherlands ; Frederick, MD
_bKluwer Law International ; Sold and distributed in North, Central, and South America by Aspen Publishers, Inc
_cc2008
300 _axxiv, 436 p. ; 25 cm
500 _aIncludes bibliographical references (p. [397]-405) and index
650 _aArbitration and award - China
990 _a68ea102fac10000c6fb7a533f1fb1f5c
991 _a308681
999 _c372551
_d372551